| 000 | 00756nam a2200241 a 4500 | ||
|---|---|---|---|
| 001 | BRCA_5726 | ||
| 005 | 20190320205207.0 | ||
| 008 | 040311s1896----gw-#######---#001-0#ger-# | ||
| 041 | _ager | ||
| 044 | _agw | ||
| 050 | 4 |
_aPE211 _b.K37 1896 |
|
| 100 | 1 |
_aKares, Otto _914532 |
|
| 245 | 1 | 0 |
_aKurze Lehrgang der Englischen Sprache mit besonderer Berücksichtigung der konversation _cOtto Kares. |
| 260 |
_aDresden _bL. Ehlermann _c1896 |
||
| 300 |
_a250 p. _c21 cm. |
||
| 500 | _aIncluye índice alfabético | ||
| 500 | _aEstado físico: presenta páginas marcadas y con manchas de tinta | ||
| 500 | _aH45 | ||
| 650 | 1 | 4 |
_aAprendizaje de inglés _zDresden _914533 |
| 650 | 1 | 4 |
_aComprensión de inglés _zDresden _914534 |
| 902 | _aGFM | ||
| 942 |
_2lcc _cB |
||
| 999 |
_c5416 _d5416 |
||